Intellectual property: Patents, copyright, trade marks and allied rights (Record no. 116497)

MARC details
000 -LEADER
fixed length control field 00428nam a2200157Ia 4500
008 - FIXED-LENGTH DATA ELEMENTS--GENERAL INFORMATION
fixed length control field 230917s9999||||xx |||||||||||||| ||und||
040 ## - CATALOGING SOURCE
-- 100865
Original cataloging agency VIVEKANANDA LIBRARY
041 ## - Language
-- English
082 ## - DDC NUMBER
Classification number 346.0486 C816I(3)
100 ## - MAIN ENTRY--PERSONAL NAME
Personal name Cornish, W R
245 #0 - TITLE STATEMENT
Title Intellectual property: Patents, copyright, trade marks and allied rights
250 ## - EDITION STATEMENT
Edition statement 3rd ed.
260 ## - PUBLICATION, DISTRIBUTION, ETC. (IMPRINT)
Place of publication, distribution, etc Delhi
Name of publisher, distributor, etc Universal Law
Date of publication, distribution, etc 2003
300 ## - PHYSICAL DESCRIPTION
Pages cv, 722 p.
942 ## - ADDED ENTRY ELEMENTS (KOHA)
Koha item type Books
Holdings
Withdrawn status Lost status Damaged status Not for loan Location (home branch) Sublocation or collection (holding branch) Date acquired Koha issues (times borrowed) Koha full call number Accession No. Koha date last seen Koha item type
        VIVEKANANDA LIBRARY VIVEKANANDA LIBRARY 12/03/2004   346.0486 C816I(3) 207151 17/09/2023 Books
© Designed and Maintained by Vivekananda Library, MDU Rohtak